00332 a2200121 450000100060000010000130000624500270001926000210004609000170006794200230008499900190010795200840012647219 aRichmond aStatsmen and Sea Power aLondonbOxfordc c30271d30271 aNUST-CAEcMc22527 c282292d282292 001040708NFICaCAEbCAEd2017-04-03l0pCAE36792r2017-04-05w2017-04-05yBK